| 000 | 01145nam a22002537a 4500 | ||
|---|---|---|---|
| 005 | 20080820102532.0 | ||
| 008 | 080820t xxu||||| |||| 00| j hin d | ||
| 010 | _aHIN-83994 | ||
| 020 |
_c100.00 _a818838142x |
||
| 035 | _aHN-56340 | ||
| 037 | _aDBAD / PUB | ||
| 040 |
_aDPL _bHN |
||
| 082 | _aक | ||
| 100 | _aभगवान देव 'चैतन्य' | ||
| 245 |
_aकोख का दर्द / _cभगवान देव 'चैतन्य' |
||
| 246 |
_aKhokha kaa Darda _bby Aacharya Bhagwan Dev ' Chaitanya' |
||
| 260 |
_aदिल्ली _bनीरज बुक सेंटर _c2008 |
||
| 270 |
_aसी-32, आर्यानगर सोसायटी, प्लाट नं.91, पटपड़गंज _bदिल्ली _e110092 _k22722155 |
||
| 300 |
_a79पृ _c22सेमी (सजिल्द) |
||
| 650 | _aलघुकथायें, हिन्दी | ||
| 650 | _aShort stories, Hindi | ||
| 942 |
_2ddc _cHN _kक _mभगवा |
||
| 999 |
_c14935 _d14935 |
||